Вертикальная гидрогеологическая зональность центрального и южного Кузбасса в связи с формированием месторождений угольного метана; Гидрогеология, инженерная геология и гидрогеоэкология

Podrobná bibliografie
Parent link:Гидрогеология, инженерная геология и гидрогеоэкология.— 2005.— С. 107-112.
Další autoři: Рассказов Н. М. Николай Михайлович, Домрочева Е. В., Шварцев С. Л. Степан Львович, Кузеванов К. И. Константин Иванович
Jazyk:ruština
Vydáno: 2005
Témata:
Médium: Kapitola
KOHA link:https://koha.lib.tpu.ru/cgi-bin/koha/opac-detail.pl?biblionumber=91735

MARC

LEADER 00000naa2a2200000 4500
001 91735
005 20240122093820.0
035 |a (RuTPU)RU\TPU\book\98325 
090 |a 91735 
100 |a 20060301d2005 k y0rusy50 ca 
101 0 |a rus 
102 |a RU 
200 1 |a Вертикальная гидрогеологическая зональность центрального и южного Кузбасса в связи с формированием месторождений угольного метана  |f Н. М. Рассказов [и др.] 
320 |a Библиогр.: 5 назв. 
463 0 |0 (RuTPU)RU\TPU\book\95217  |y 5-89503-261-3  |t Гидрогеология, инженерная геология и гидрогеоэкология  |o материалы конференции, посвященной 75-летию кафедры ГИГЭ ТПУ, Томск, декабрь 2005 г.  |f Томский политехнический университет; под ред. С. Л. Шварцева  |v С. 107-112.  |d 2005  |p 400 с. 
610 1 |a гидрогеологическая зональность 
610 1 |a Кузбасс 
610 1 |a вертикальная зональность 
610 1 |a метан 
610 1 |a месторождения 
610 1 |a угольный метан 
610 1 |a скопления метана 
610 1 |a воды подземные 
610 1 |a труды учёных ТПУ 
701 1 |a Рассказов  |b Н. М.  |c доктор геолого-минералогических наук  |c профессор Томского политехнического университета  |f 1932-  |g Николай Михайлович  |3 (RuTPU)RU\TPU\pers\22123 
701 1 |a Домрочева  |b Е. В. 
701 1 |a Шварцев  |b С. Л.  |c российский гидрогеолог, доктор геолого-минералогических наук  |c профессор Томского политехнического университета, академик РАЕН  |f 1936-  |g Степан Львович  |3 (RuTPU)RU\TPU\pers\25914  |4 070 
701 1 |a Кузеванов  |b К. И.  |c геолог  |c доцент Томского политехнического университета, кандидат геолого-минералогических наук  |f 1955-  |g Константин Иванович  |3 (RuTPU)RU\TPU\pers\26077  |9 11915 
801 1 |a RU  |b 63413507  |c 20060301  |g PSBO 
801 2 |a RU  |b 63413507  |c 20111106  |g PSBO 
942 |c BK